[Event "Stavanger op B"]
[Site "Stavanger"]
[Date "2013.05.??"]
[Round "2"]
[White "Gaustad, Erlend"]
[Black "Ljones, Gaute"]
[Result "1-0"]
[WhiteElo "1987"]
[BlackElo "1666"]
[PlyCount "79"]
[EventDate "2013.05.08"]
[EventType "swiss"]
[EventRounds "6"]
[EventCountry "NOR"]
[SourceTitle "EXT 2024"]
[Source "ChessBase"]
[SourceDate "2023.10.10"]
[SourceVersion "1"]
[SourceVersionDate "2023.10.10"]
[SourceQuality "1"]

1. e4 e5 2. Nf3 Nf6 3. Nc3 Nc6 4. Bb5 d6 5. h3 Bd7 6. d4 exd4 7. Nxd4 Be7 8. 0-0 0-0 9. Re1 a6 10. Bxc6 bxc6 11. Qd3 c5 12. Nf3 Bc6 13. Bf4 Nd7 14. Rad1 Bf6 15. b3 Re8 16. Nd5 Ne5 17. Nxe5 Bxe5 18. Bxe5 Rxe5 19. f4 Re8 20. e5 Bxd5 21. Qxd5 Qh4 22. f5 dxe5 23. Rxe5 Red8 24. Qf3 Rxd1+ 25. Qxd1 Rd8 26. Qf3 Qd4+ 27. Qe3 Qd1+ 28. Kh2 Qd6 29. Qxc5 Qd7 30. Re7 Qd2 31. Qxc7 Rf8 32. a4 Qf2 33. Qe5 Qxc2 34. f6 gxf6 35. Qxf6 Qxb3 36. Qg5+ Kh8 37. Re3 Qb8+ 38. Rg3 Qb2 39. h4 f6 40. Qg7# 1-0

[Event "Bergen Grand Prix"]
[Site "Bergen"]
[Date "2009.11.29"]
[Round "4"]
[White "Ljones, Gaute"]
[Black "Lie, Terje"]
[Result "0-1"]
[WhiteElo "1206"]
[BlackElo "1257"]
[PlyCount "114"]
[EventDate "2009.11.27"]
[EventType "swiss"]
[EventRounds "5"]
[EventCountry "NOR"]
[SourceTitle "EXT 2024"]
[Source "ChessBase"]
[SourceDate "2023.10.10"]
[SourceVersion "1"]
[SourceVersionDate "2023.10.10"]
[SourceQuality "1"]

1. d4 Nf6 2. c4 e6 3. a3 b6 4. Nf3 Bb7 5. Bg5 Be7 6. e3 0-0 7. Bd3 h6 8. Bxf6 Bxf6 9. Nc3 d6 10. 0-0 Nd7 11. Rc1 Be7 12. e4 c5 13. d5 e5 14. Ne1 Bg5 15. Rc2 Bc8 16. Ne2 Be7 17. f4 exf4 18. Nxf4 Ne5 19. Be2 Bd7 20. b3 Qc8 21. Nf3 Ng4 22. Qd2 Bf6 23. Kh1 Qd8 24. Nh5 Ne5 25. Nxf6+ Qxf6 26. Qc3 Rae8 27. Qb2 Qe7 28. Nxe5 Qxe5 29. Qxe5 Rxe5 30. Bf3 g6 31. h3 h5 32. Rff2 h4 33. Rc3 Kg7 34. Bd1 Rxe4 35. Bc2 Re5 36. Rcf3 f5 37. g4 hxg3 38. Rxg3 Kf6 39. Rfg2 Rg8 40. Rg5 Re1+ 41. Kh2 Re3 42. a4 Rf3 43. Rg1 Rf2+ 44. R1g2 Rxg2+ 45. Rxg2 g5 46. Re2 f4 47. Be4 Rh8 48. Bg2 g4 49. Re4 g3+ 50. Kg1 Kg5 51. Re7 Bxh3 52. Bf3 Bf5 53. Rxa7 Re8 54. Kf1 Re3 55. Be2 Rxb3 56. Ra8 f3 57. Bd1 Rb1 0-1

[Event "Bergen Sommer op-B"]
[Site "Bergen"]
[Date "2008.08.03"]
[Round "1"]
[White "Ljones, Gaute"]
[Black "Nordboe, Joachim"]
[Result "1-0"]
[WhiteElo "1099"]
[BlackElo "1266"]
[PlyCount "89"]
[EventDate "2008.08.03"]
[EventType "swiss"]
[EventRounds "6"]
[EventCountry "NOR"]
[SourceTitle "EXT 2010"]
[Source "ChessBase"]
[SourceDate "2010.11.25"]
[SourceVersion "1"]
[SourceVersionDate "2010.11.25"]
[SourceQuality "1"]

1. d4 Nf6 2. c4 e6 3. Nc3 Bb4 4. a3 Bxc3+ 5. bxc3 b6 6. Nf3 d6 7. Bg5 Nbd7 8. e3 Bb7 9. Be2 0-0 10. 0-0 Rc8 11. Nd2 c5 12. f3 d5 13. e4 dxe4 14. Nxe4 h6 15. Nxf6+ Nxf6 16. Bh4 Rc7 17. Qd2 Rd7 18. Rad1 Qe7 19. Qe3 Rfd8 20. dxc5 Qxc5 21. Qxc5 bxc5 22. Rxd7 Rxd7 23. Rd1 Rxd1+ 24. Bxd1 Nd7 25. Ba4 Nb6 26. Bb3 Kf8 27. Bf2 Nd7 28. Ba4 Ke7 29. Bxd7 Kxd7 30. Bxc5 a6 31. Bf8 g6 32. Bxh6 Kc6 33. Bf8 a5 34. Kf2 Ba6 35. Ke3 Bxc4 36. Kd4 Bf1 37. g3 a4 38. f4 Bg2 39. Ke5 Kd7 40. Kf6 Ke8 41. Bb4 Bf3 42. Kg5 Be2 43. g4 f5 44. gxf5 gxf5 45. Kg6 1-0